Národný akreditačný systém. 2

Založenie Slovenskej akreditačnej rady ako dozorného orgánu Slovenského akreditačného systému (SNAS). Funkcie, ktoré plní riadiaci orgán SNAS Akreditačná komisia. Funkciu základných výkonných orgánov akreditácie plnia Technické výbory pre akreditáciu. Certifikácia - činnosť certifikujúceho orgánu. V...

Ausführliche Beschreibung

Gespeichert in:
Bibliographische Detailangaben
1. Verfasser: Šutek, Ľ.
Format: Buchkapitel
Sprache:Slowakisch
Schlagworte:
Tags: Tag hinzufügen
Keine Tags, Fügen Sie das erste Tag hinzu!

MARC

LEADER 00000naa a2200000 4500
001 r018110
005 20221213101337.1
041 0 |a slo 
044 |a SK 
245 1 0 |a Národný akreditačný systém. 2  |c Ľ. Šutek 
520 |a Založenie Slovenskej akreditačnej rady ako dozorného orgánu Slovenského akreditačného systému (SNAS). Funkcie, ktoré plní riadiaci orgán SNAS Akreditačná komisia. Funkciu základných výkonných orgánov akreditácie plnia Technické výbory pre akreditáciu. Certifikácia - činnosť certifikujúceho orgánu. Vykonávanie procesu certifikácie. Význam akreditácie a certifikácie v zabezpečovaní kvality pri vytváraní podmienok pre vzájomné uznávanie certifikátov medzi rôznymi štátmi. 
610 2 0 |a SNAS 
610 2 0 |a akreditácia 
610 2 0 |a certifikácia 
610 2 0 |a Slovensko 
610 2 0 |a Európa 
610 2 0 |a riadenie kvality 
610 2 0 |a normalizácia 
610 2 0 |a metrológia 
610 2 0 |a normy medzinárodné 
610 2 0 |a štruktúra organizačná 
100 1 |a Šutek, Ľ.